Nazionali che hanno partecipato almeno una volta ai Mondiali di calcio - Statistics

Statistiche generali
  • Questo quiz è stato fatto 1.103 volte
  • Il punteggio medio è 64 su 80
Statistiche sulle risposte
CONTINENTE PARTECIPAZIONI NAZIONALE % Corretto
Europa 18 Italia
100%
America 18 Argentina
99%
America 22 Brasile
99%
Europa 20 Germania/Germania Ovest
98%
Europa 16 Spagna
98%
Europa 16 Francia
97%
Europa/Asia 11 Russia
97%
America 11 Usa/Stati Uniti
97%
America 17 Messico
96%
Europa 8 Portogallo
96%
America 14 Uruguay
96%
America 2 Canada
94%
Asia 7 Giappone
94%
Europa 16 Inghilterra
94%
Europa 12 Svezia
94%
America 9 Cile
93%
Europa 11 Olanda/Paesi Bassi
93%
Asia 1 Cina
92%
Europa 3 Norvegia
92%
Oceania 6 Australia
91%
Europa 14 Belgio
91%
Asia 11 Corea del Sud
91%
Africa 6 Marocco
91%
Europa 3 Irlanda
90%
Europa 9 Polonia
90%
Europa 12 Svizzera
90%
Europa 1 Ucraina
90%
Europa 7 Austria
89%
America 6 Colombia
89%
Europa 6 Croazia
89%
Africa 3 Egitto
89%
Europa 13 Serbia/Jugoslavia
89%
Europa 3 Grecia
88%
Europa/Asia 2 Turchia
88%
Europa 6 Danimarca
87%
Europa 7 Romania
87%
Africa 3 Sudafrica
87%
America 8 Paraguay
86%
Europa 2 Slovenia
85%
Europa 9 Ungheria
85%
Europa 9 Cecoslovacchia/Cechia/Repubblica Ceca
84%
Oceania 2 Nuova Zelanda
84%
Africa 4 Algeria
83%
America 4 Ecuador
83%
America 5 Perù
83%
Europa 1 Slovacchia
83%
Asia 2 Corea del Nord
82%
Asia 6 Arabia Saudita
81%
Europa 7 Bulgaria
81%
Africa 3 Senegal
81%
Africa 6 Tunisia
81%
Africa 6 Nigeria
80%
Europa 2 Galles
79%
Asia 1 Qatar
79%
Europa 8 Scozia
79%
Asia 6 Iran
78%
Europa 1 Islanda
78%
America 3 Bolivia
77%
Africa 8 Camerun
76%
Africa 4 Ghana
76%
Europa 1 Bosnia-Erzegovina/Bosnia
75%
America 1 Panama
74%
Africa 1 Congo/Repubblica Democratica del Congo
73%
America 6 Costa Rica
73%
Africa 3 Costa d'Avorio
72%
Asia 1 Iraq
71%
America 1 Cuba
67%
America 3 Honduras
67%
Europa 3 Irlanda del Nord
66%
Asia 1 Israele
64%
America 1 Giamaica
57%
America 1 Haiti
56%
Asia 1 Indonesia
56%
Africa 1 Angola
52%
America 2 El Salvador
49%
Africa 1 Togo
44%
America 1 Trinidad e Tobago/Trinidad
44%
Asia 1 Eau/Emirati Arabi Uniti
41%
Asia 1 Kuwait
34%
Europa 1 Germania Est
23%
Nessun quiz corrispondente trovato
Distribuzione punteggi
Percentuale di utenti per punteggio
Percentile per numero di risposta
I tuoi punteggi nel tempo
Non hai fatto questo quiz